000 00715cam a2200229 i 4500
001 3226663
005 20231122234529.0
008 790613t19791980nyua bdrs 001 0 eng
020 _a0688035256
020 _a0688085253 (pbk.)
040 _aDLC
_cDLC
_dDLC
082 0 0 _a362.8
_222
245 1 0 _aWomen's action almanac :
_ba complete resource guide /
_cby The Women's Action Alliance ; edited by Jane Williamson, Diane Winston and Wanda Wooten.
250 _a1st ed.
260 _aNew York :
_bMorrow,
_c1979, 1980.
300 _a432 p. :
650 0 _aWomen's encyclopedias and dictionaries.
700 1 _aWilliamson, Jane,
_eedt
700 1 _aWinston, Diane.
_eedt
700 1 _aWooten, Wanda.
_eedt
942 _cL
999 _c56
_d56